Tepelné spracovanie cínového bronzu
Na minha lista:
| Autor principal: | |
|---|---|
| Outros Autores: | |
| Formato: | Manuscrito Livro |
| Idioma: | eslovaco |
| Publicado em: |
2024
|
| Assuntos: | |
| Acesso em linha: | http://is.stuba.sk/zp/portal_zp.pl?podrobnosti=178017 |
| Tags: |
Sem tags, seja o primeiro a adicionar uma tag!
|
MARC
| LEADER | 00000ntm a22000003a 4500 | ||
|---|---|---|---|
| 001 | stuzp98817 | ||
| 003 | SK-STU | ||
| 005 | 20240608212555.8 | ||
| 007 | ta | ||
| 008 | 150427s2015----xo-----f-mn---000-0-slo-d | ||
| 040 | |a STU |b slo | ||
| 041 | 0 | |a slo | |
| 100 | 1 | |a Šándorová, Zuzana |u 061000 |4 aut |U MTF Materiálovotechnologická fakulta |T MTF Ústav materiálov |X 93418 |U M1000 |Y 81 |7 93418 | |
| 242 | 0 | 1 | |a Heat treatment of tin bronze |y eng |
| 245 | 1 | 0 | |a Tepelné spracovanie cínového bronzu |
| 260 | |c 2024 | ||
| 650 | 4 | |a cínové bronzy |2 slo | |
| 650 | 4 | |a umelé starnutie |2 slo | |
| 650 | 4 | |a kryogénne spracovanie |2 slo | |
| 650 | 4 | |a mikroštruktúra |2 slo | |
| 650 | 4 | |a mechanické vlastnosti |2 slo | |
| 650 | 4 | |a tin bronzes |2 eng | |
| 650 | 4 | |a artificial aging |2 eng | |
| 650 | 4 | |a cryogenic treatment |2 eng | |
| 650 | 4 | |a microstructure |2 eng | |
| 650 | 4 | |a mechanical properties |2 eng | |
| 700 | 1 | |a Jurči, Peter |u 061000 |k Z1 |4 ths |U MTF Materiálovotechnologická fakulta |T MTF Ústav materiálov |X 46044 |U M1000 |Y 81 |7 A000046044 | |
| 856 | 4 | |u http://is.stuba.sk/zp/portal_zp.pl?podrobnosti=178017 | |
| 996 | |c M* DP-15433 |l MMSKP |s P |a 0 |w stuzp98817_0001 | ||